Senegalese players in Premier League (2000-) - Statistics

General Stats
  • This quiz has been taken 42 times
  • The average score is 18 of 43
Answer Stats
Ranking Player Positions Nationality Matches Goals (assists) Periods Clubs % Correct
2 Sadio Mané MF, FW 263 111 (38) 2014-2022
100%
5 Idrissa Gana Gueye MF 229 7 (9) 2015-2018, 2022-2025
88%
17 Ismaila Sarr MF, FW 88 18 (12) 2019-2020, 2021-2022, 2024-2025
88%
18 Pape Matar Sarr MF 81 6 (6) 2022-2025
88%
19 Edouard Mendy GK 75 0 (0) 2020-2023
85%
15 Nampalys Mendy MF 98 1 (1) 2016-2017, 2018-2023
85%
31 Kalidou Koulibaly DF 23 2 (1) 2022-2023
82%
20 Nicolas Jackson FW 65 24 (10) 2023-2025
79%
3 El Hadji Diouf MF, FW 243 28 (25) 2002-2011
76%
7 Mame Biram Diouf DF, MF, FW 154 27 (9) 2009-2010, 2014-2018
76%
25 Aliou Cissé DF, MF 59 1 (1) 2002-2006
71%
11 Papiss Cissé FW 117 37 (6) 2011-2016
71%
1 Cheikhou Kouyaté DF, MF 291 15 (11) 2014-2024
68%
28 Iliman Ndiaye MF, FW 34 9 (0) 2020-2021, 2024-2025
65%
14 Demba Ba FW 99 43 (3) 2010-2014
62%
29 Alfred N'Diaye DF, MF 31 1 (0) 2012-2013, 2016-2017
59%
37 Badou Ndiaye MF 13 2 (1) 2017-2018
59%
16 Armand Traoré DF, MF 97 1 (4) 2007-2009, 2011-2012, 2014-2015
41%
27 Moussa Niakhate DF 35 1 (0) 2022-2024
41%
8 Papa Bouba Diop DF, MF 129 7 (5) 2004-2010
38%
22 Diafra Sakho FW 62 18 (3) 2014-2018
32%
34 Lamine Sakho MF, FW 17 1 (1) 2003-2004
32%
4 Mohamed Diamé MF 239 18 (5) 2009-2014, 2017-2019
29%
13 Salif Diao MF 100 2 (3) 2002-2005, 2008-2012
26%
12 Diomansy Kamara FW 110 17 (3) 2004-2005, 2007-2011
24%
10 Henri Camara FW 126 31 (8) 2003-2009
24%
36 M'Baye Niang MF, FW 16 2 (2) 2016-2017
24%
21 Oumar Niasse MF, FW 65 12 (3) 2015-2020
24%
39 Fodé Ballo-Touré DF, MF 6 0 (0) 2023-2024
21%
30 Dame N'Doye FW 26 6 (1) 2014-2016
18%
6 Abdoulaye Faye DF, MF 166 10 (1) 2005-2010, 2013-2014
15%
9 Amdy Faye DF, MF 127 1 (2) 2003-2006, 2008-2009
15%
24 Habib Beye DF 61 1 (3) 2007-2011
15%
40 Henri Saivet MF, FW 5 1 (0) 2015-2016, 2017-2018
15%
26 Pape Souaré DF 48 0 (1) 2014-2019
15%
35 Mbaye Diagne FW 16 3 (2) 2020-2021
12%
42 Lamine Diatta DF 2 0 (0) 2007-2008
9%
33 Papy Djilobodji DF 18 0 (0) 2016-2017
9%
32 Souleymane Diawara DF 23 0 (0) 2006-2007
9%
43 Ferdinand Coly DF 1 0 (0) 2002-2003
6%
41 Kader Mangane DF, MF 2 0 (0) 2012-2013
6%
38 Khalilou Fadiga MF 13 1 (0) 2004-2006
6%
23 Ibrahima Sonko DF 62 1 (1) 2006-2010
3%
No matching quizzes found
Score Distribution
Percent of People with Each Score
Percentile by Number Answered
Your Score History
You have not taken this quiz